| 000 | 00709cab a2200241 4500 | ||
|---|---|---|---|
| 001 | WB3022-02 | ||
| 008 | 090401t1994 xxu||||| |||| 00| 0 eng d | ||
| 035 | _a(Sirsi) u66693 | ||
| 041 | _aeng | ||
| 245 | _aHousebuilding figures | ||
| 260 | _c1994 | ||
| 350 | _a0 | ||
| 490 |
_aDOE Information Bulletin _v(326) 8 June 1994, (6) |
||
| 520 | _aDoE housebuilding statistics for three months to April 1994 show starts up by 6 per cent, completions down 5 per cent. Tables. | ||
| 650 | _aCONSTRUCTION INDICATORS | ||
| 650 | _aHOUSE BUILDING | ||
| 650 | _aINDICATORS | ||
| 650 | _aSTARTS AND COMPLETIONS | ||
| 650 | _aSTATISTICS | ||
| 690 | _aBUILT ENVIRONMENT | ||
| 942 | _n0 | ||
| 948 | _c04/03/1997 | ||
| 999 |
_c41662 _d41662 |
||